|
|
|
|
| LEADER |
00000naa a2200000uu 4500 |
| 001 |
vtls011085084 |
| 003 |
SK-MaSNL |
| 005 |
20260302105121.0 |
| 008 |
210905|1996 xo |||||||||||||||||eng| |
| 015 |
|
|
|a SNBRA
|
| 035 |
|
|
|a (urnnbn)urn:nbn:sk:snk:ar-a0clqg
|
| 035 |
|
|
|a (uuid)ed60fadf-ebbc-4665-a5f1-2f7263f34718
|
| 035 |
|
|
|a urn:nbn:sk:snk-aavrme
|
| 040 |
|
|
|a SNKBUCL
|b slo
|c SNKBUCL
|e AACR2
|
| 041 |
0 |
|
|a eng
|
| 044 |
|
|
|a xo
|c SK
|
| 100 |
1 |
|
|a Rybaczuk, M.
|4 aut
|9 783293
|
| 245 |
1 |
0 |
|a THE FRACTAL MODEL OF INTER-PORES CRACK GROWTH IN SINTERED STEELS
|c M. Rybaczuk
|
| 246 |
3 |
|
|a Fraktálny model rastu trhliny medzi pórami v spekaných oceliach
|
| 773 |
0 |
|
|t Deformation and fracture in structural PM materials
|d Bratislava : Polygrafia SAV], 1996, 1996
|g S. 193-203
|z 8088780101
|
| 958 |
|
|
|a OND
|
| 958 |
|
|
|a article12
|
| 958 |
|
|
|a chapter
|
| 999 |
|
|
|c 1237440
|d 1239370
|